00664nam a2200193 a 450000100060000000300090000600800410001502000180005604000280007408200160010210000310011824500190014925000110016826000240017930000110020350501900021465000260040465000400043022910CO-ViMGA141112s2004 ck r 000 u spa d a9789706131478 aCO-ViMGAbspacCO-ViMGA04a530.1 R413f1 aRibeiro de la Luz, Antonio10aFisica general a4a Ed. aMéxico : bOxford a1120p. aCifras significativas, Funciones y graficas, Cinematico, Vectores, Leyes de Newton, Gravitacion universal, Leyes de conservacion, Temperatura dilatacion, Comportamiento de los gases14aFISICA - ENSEÑANZA 14aFISICA - PROBLEMAS, EJERCICIOS, ETC